| 000 | 00548nam a2200145Ia 4500 | ||
|---|---|---|---|
| 041 | _aArabic | ||
| 082 | _a341 cut-384 م | ||
| 100 | _a20260118u\\\\\\\\\\\y0engy0103\\\\ba | ||
| 100 | _aعلاء فتحى عبدالرحمن محمد | ||
| 245 | 0 | _aالحماية الدولية للصحفيين اثناء النزعات الدولية المسلحة في القانون الدولي الانساني الاسلامي | |
| 250 | _aط1 | ||
| 260 |
_bدار الفكر الجامعي _aالاسكندرية _c2010 |
||
| 300 | _a392 | ||
| 942 | _cBk | ||
| 999 |
_c188587 _d188587 |
||